书目信息 |
| 题名: |
耿莲凤张振富二重唱歌曲选
|
|
| 作者: | 上海文艺出版社 编 | |
| 分册: | ||
| 出版信息: | 上海 上海文艺出版社 1982 |
|
| 页数: | 66页 | |
| 开本: | 19cm | |
| 丛书名: | ||
| 单 册: | ||
| 中图分类: | J642.52 | |
| 科图分类: | ||
| 主题词: | 二重唱-歌曲--中国--选集 , 歌曲-二重唱--中国--选集 | |
| 电子资源: | ||
| ISBN: | ||
| 000 | 00715nam0 2200241 45 | |
| 001 | 0182007775 | |
| 005 | 20060819082816.07 | |
| 010 | @dCNY0.21 | |
| 091 | @aCN@b8078.3387 | |
| 100 | @a19950407d1982 em y0chiy0121 ea | |
| 101 | 0 | @achi |
| 102 | @aCN@b310000 | |
| 105 | @ag z 000yy | |
| 200 | 10 | @a耿莲凤张振富二重唱歌曲选@Ageng lian feng zhang zhen fu er chong chang ge qu xuan@f上海文艺出版社编 |
| 210 | @a上海@c上海文艺出版社@d1982 | |
| 215 | @a66页@d19cm | |
| 606 | @a二重唱-歌曲@y中国@x选集 | |
| 606 | @a歌曲-二重唱@y中国@x选集 | |
| 690 | @aJ642.52@v3 | |
| 701 | 0 | @a上海文艺出版社@Ashang hai wen yi chu ban she@4编 |
| 801 | 2 | @aCN@bNLC@c20060819 |
| 801 | 0 | @aCN@bTSSF |
| 905 | @a10447@dJ642.52@e194 | |
| 耿莲凤张振富二重唱歌曲选/上海文艺出版社编.-上海:上海文艺出版社,1982 |
| 66页;19cm |
| ISBN :CNY0.21 |
| ● |
| 相关链接 |
|
|
|
|
正题名:耿莲凤张振富二重唱歌曲选
索取号:J642.52/194
 
预约/预借
| 序号 | 登录号 | 条形码 | 馆藏地/架位号 | 状态 | 备注 |
| 1 | 0466750 | 204667501 | 密集书库/ [索取号:J642.52/194] | 在馆 | |
| 2 | 0466751 | 204667510 | 密集书库/ [索取号:J642.52/194] | 在馆 | |
| 3 | 0466752 | 204667529 | 密集书库/ [索取号:J642.52/194] | 在馆 |